Skylanders Spyro's adventure Catchphrases - Statistics

General Stats
  • This quiz has been taken 14 times
  • The average score is 28 of 32
Answer Stats
Hint Answer % Correct
Boom Shock-A-lacka double trouble
100%
Born to burn eruptor
100%
No gold no glory Trigger happy
100%
Wreck and roll wrecking ball
100%
fruit punch Camo
91%
Slice and dice chop chop
91%
volts and lightning cynder
91%
Licensed to drill drill sergeant
91%
Blink and destroy drobot
91%
Let the flames begin flameslinger
91%
Fear the fish gill grunt
91%
one strike and your out lightning rod
91%
the beam is supreme prism break
91%
armed and dangerous Slam Bam
91%
All fired up Spyro
91%
Silent but deadly Stealth elf
91%
its feeding time terrafin
91%
rock and roll bash
82%
come rang or shine Dino rang
82%
no chain no gain ghost roaster
82%
fear the dark Hex
82%
Full scream ahead sonic boom
82%
drop the hammer Stump Smash
82%
Roast and toast sunburn
82%
axe first questions later voodood
82%
brace for the mace Wham shell
82%
Twist of fury whirlwind
82%
Bamboo yah Zook
82%
bring the boom Boomer
73%
Slash and burn ignitor
73%
For the wind warnado
73%
ride the lightning Zap
73%
No matching quizzes found
Score Distribution
Percent of People with Each Score
Percentile by Number Answered
Your Score History
You have not taken this quiz